000 06113nam a22005897a 4500
005 20111130104334.0
010 _aENG-104252 B-462743-772
020 _c320.00 (375.00 BPPD)
035 _aEN-87785 B-462743-772
037 _bDBAD/PUB
037 _bAllied Pub/Ven
082 _a000
245 _aNDA/NA topic-wise solved papers 2002-2010 /
_bcomplied & edited by Kumar Bijendra Mohan [and] Priyanka Gupta
260 _aNew Delhi
_bDisha Publications
_c(201?)
270 _aB -32, Basement, Shivalik, Malviya Nagar
_bNew Delhi
_e17
300 _avarious pagings
_c27cm (pbk)
700 _aKumar Bijendra Mohan
_936291
700 _aGupta, Priyanka
_936292
942 _2ddc
_cEN
_h000
_mNDA
999 _c58815
_d58815